Manual for participatory training methodology in development (Record no. 1389595)

MARC details
000 -LEADER
fixed length control field 00659nam a2200217Ia 4500
005 - DATE AND TIME OF LATEST TRANSACTION
control field 20250508164527.0
008 - FIXED-LENGTH DATA ELEMENTS--GENERAL INFORMATION
fixed length control field 008 250505s9999 xx 000 0 eng d
037 ## - SOURCE OF ACQUISITION
Stock number Textual
040 ## - CATALOGING SOURCE
Original cataloging agency FEDL
Language of cataloging eng
Transcribing agency FEDL
041 ## - LANGUAGE CODE
Language code of text/sound track or separate title eng
Source of code eng
084 ## - COLON CLASSIFICATION NUMBER
Classification number 370, SOC
Assigning agency FEDL
245 #0 - TITLE STATEMENT
Title Manual for participatory training methodology in development
245 #0 - TITLE STATEMENT
Statement of responsibility, etc. Society for Participatory Research in Asia (PRIA)
260 ## - PUBLICATION, DISTRIBUTION, ETC.
Place of publication, distribution, etc. New Delhi, India
Name of publisher, distributor, etc. Society for Participatory Research in Asia (PRIA)
Date of publication, distribution, etc. 1995
300 ## - PHYSICAL DESCRIPTION
Extent 185p.
365 ## - TRADE PRICE
Price type code INR
Price amount 80
546 ## - LANGUAGE NOTE
Language note MACESE
650 ## - SUBJECT ADDED ENTRY--TOPICAL TERM
Topical term or geographic name entry element Education
942 ## - ADDED ENTRY ELEMENTS (KOHA)
Koha item type Textual
Classification part 370, SOC
Holdings
Withdrawn status Lost status Damaged status Not for loan Home library Current library Date acquired Cost, normal purchase price Total Checkouts Full call number Barcode Date last seen Price effective from Koha item type
        Department of Education Library Department of Education Library 2025-05-08 80.00   370, SOC EL0083221 2025-05-08 2025-05-08 Textual
Copyright @ Delhi University Library System